000 00620nam a2200229Ia 4500
003 OSt
005 20221007062239.0
006 a|||||r|||| 00| 0
007 ta
008 221006b |||||||| |||| 00| 0 eng d
024 _a12,111
037 _cTextual
040 _aFLL
_cFLL
_beng
041 _2eng
_aeng
082 _aV2:232:N7, L6
100 _aBhathagar A.K. Au.
_9682454
245 0 _aRajya sabha a critical study
260 _aAllahabad
_bChugh publications India
_c1976
300 _a334p
_ccm.
942 _hV2:232:N7, L6
_cTEXL
_2CC
999 _c1128118
_d1128118